000 00855nam a2200217Ia 4500
008 0000001995 usa 0000000000eng00
020 _a1884192017
090 _aPUS00 L15h
100 1 _aLane, Holly
_d1954
245 1 0 _aHolly Lane
_b: frames of mind
_c/ essay by Judd Tully ; edited by Lynn P. Castle
300 _a48 p.
_c/ 23 cm.
500 _aExposición realizada en Art Museum of Southeast Texas, Beaumont, Mayo 5 Agosto 27, 1995 \ Con el patronazgo del maestro venezolano Jesús Rafael Soto (q.e.p.d.)
600 0 0 _aLANE, HOLLY, 1954 /
_xTRABAJOS PICTORICOS
650 1 4 _aARTE CONTEMPORANEO ESTADOUNIDENSE
650 1 4 _xCATALOGOS
650 1 4 _xEXPOSICIONES
650 1 4 _aPINTORES ESTADOUNIDENSES
650 1 4 _aPINTURA ESTADOUNIDENSE
700 1 _aCastle, Lynn P.
999 _c2175
_d2175
260 _aBeaumont : Art Museum of Southeast
_c1995